Normal view
MARC view
- KAHLO, FRIDA,
Entry Nombre Personal
001 - NUMERO DE CONTROL
- campo de control: 11782
003 - IDENTIFICADOR DE NUMERO DE CONTROL
- campo de control: UPN
005 - FECHA Y HORA DE LA ÜLTIMA TRANSACCIÓN
- campo de control: 20210219193759.0
008 - DATOS DE LONGITUD FIJA
- campo de control de longitud fija: nabaccnnaabn|||||||||| b |nc|||||d
035 ## - NUMERO DE CONTROL
- Número de control: UPN10000011789
040 ## - FUENTE DE CATALOGACIÓN
- Lenguaje de catalogación: SPA
- Agencia de transcripción: UPN
100 1# - ENCABEZAMIENTO - NOMBRE PERSONAL
- Nombre personal: KAHLO, FRIDA,
- Fechas asociadas con el nombre: 1910-1954 -
- Subdivisión de forma: CORRESPONDENCIA, MEMORIAS, ETC.
670 ## - FUENTE EN LA QUE SE LOCALIZARON DATOS
- Cita de la fuente: LC/P
- Información localizada: Kahlo, Frida, 1910-1954 - Correspondence
902 ## - CATALOGADOR
- Catalogador: MCM/030209
